FIFA World Cup Trivia - Statistics

General Stats
  • This quiz has been taken 78 times
    37 since last reset
  • The average score is 25 of 40
Answer Stats
Hint Answer % Correct
Winners of the most World Cups Brazil
100%
Only Country to compete in every World Cup competition Brazil
100%
Countries that have won the world cup twice in a row Brazil
100%
Winners of the first World Cup Uruguay
100%
Host Country Winners Uruguay
100%
Host Country Winners Italy
94%
Countries that have won the world cup twice in a row Italy
94%
Host Country Winners (West) Germany
94%
Countries to play each other in the most World Cup Finals (West) Germany
94%
Host Country Winners Argentina
91%
Countries to play each other in the most World Cup Finals Argentina
91%
Host Country Winners France
88%
Host Country Winners England
85%
Only nations to co-host a World Cup Japan
85%
Only nations to co-host a World Cup South Korea
85%
Name all of the countries that incorrectly call the sport "Soccer" USA
85%
Most goals scored by a player in all World Cups Miroslav Klose
79%
Most Man-of-the-Match awards in a single tournament (5 games) Lionel Messi
76%
Most matches played by a single player (all tournaments) Lionel Messi
76%
Name all of the countries that incorrectly call the sport "Soccer" Canada
67%
Youngest player to score at a World Cup Pele
67%
Clubs that have sent the most players to a single World Cup (17 players) Barcelona
61%
The domestic league that has sent the most players to World Cups English Premier League
61%
Most goals scored by a player in a World Cup final Kylian Mbappé
61%
The only host countries not to make it to the Last 16 Qatar
61%
Country with the most World Cup losses (27 games) Mexico
58%
The only host countries not to make it to the Last 16 South Africa
55%
Highest Scorer in a Single World Cup Competition (13 goals) Just Fontaine
42%
Oldest player to score at a World Cup Roger Milla
33%
Oldest player to win a World Cup Dino Zoff
30%
Club that has sent the most players to all World Cups (128 players) Juventus
27%
Most competitions without ever making it to the Last 16 (8 Finals) Scotland
24%
Country that has played only one World Cup match Indonesia
18%
Fastest scorer of a goal in a World Cup match (11 seconds) Hakan Sukur
15%
Most goals scored by a player in a World Cup final Geoff Hurst
12%
Most goals scored in a World Cup match (5 goals) Oleg Salenko
12%
The name of the dog that discovered the stolen World Cup trophy in 1966 Pickles
12%
Most clean sheets by a Goalkeeper (10 matches) Fabien Barthez
9%
Most clean sheets by a Goalkeeper (10 matches) Peter Shilton
9%
Fastest Red Card in a World Cup match (56 seconds) Jose Batista
3%
No matching quizzes found
Score Distribution
Percent of People with Each Score
Percentile by Number Answered
Your Score History
You have not taken this quiz since the last reset